| 000 | 01347nam a2200229Ia 4500 | ||
|---|---|---|---|
| 003 | Ost | ||
| 005 | 20260507075740.0 | ||
| 008 | 260507s9999||||xx |||||||||||||| ||und|| | ||
| 040 | _cfsecg | ||
| 041 | _aara | ||
| 082 | _a658.403 | ||
| 100 |
_aالعبد، جلال ابراهيم _eمؤلف |
||
| 245 | 0 |
_aاستخدام الأساليب الكمية في اتخاذ القرارات الادارية / _c جلال ابراهيم العبد |
|
| 260 |
_aالاسكندرية: _bدار الجامعة الجديدة, _c2004 |
||
| 300 |
_a495 صفحة؛ _bإيضاحات ؛ _c24 سم |
||
| 504 | _aالمراجع ص.493 | ||
| 520 | _aنظرية القرار،البرمجة الخطية:تكوين وصياغة المشكلات،أساليب حل مشكلات البرمجة الخطية،مشكلة الثنائية وتحليل الحساسية،نموذج النقل،تخطيط ومتابعة المشروعات،نظرية المباريات،البرمجة الخطية بالأعداد الصحيحة،برمجة الأهداف،البرمجة الخطية الدالية،البرمجة الإحتمالية،نظرية صفوف الإنتظار،نماذج المحاكاة | ||
| 653 | _aالاساليب الكمية | ||
| 653 | _aالبرمجة الخطية | ||
| 653 | _aالقرارات الادارية | ||
| 942 | _cكتاب | ||
| 999 |
_c46135 _d46135 |
||